1530 1672 1831 1380 1947 1545 1299 1249 1133 1637 1734 1124 1285 1621 1847 1988 1366 1518 1770 1249 1377 1138 1144 1069 1083 1825 1381 1993 1568 1959 1685 1791 1606 1248 1206 1092 1291 1260 1617 1713 1035 1519 1486 1083 1124 1469 1989 1861 1569 1971 1607 1358 1292 1333 1948 1611 1583 1400 1641 1123 1526 1574 1853 1109 1544 1197 1142 1047 1174 1345 1426 1105 1085 1078 1990 1490 1796 1030 1499 1070 1220 1192 1823 1799 1621 1118 1098 1057 1729 1910 1338 1233 1464 1781 1403 1005 1118 1987 1438 BCNSPRNW ULIB Ver.6.0+V

เปลี่ยนเป็นภาษาไทย

Change to English
 แสดงรายละเอียดบรรณานุกรม
  กลับหน้าหลัก

Brief Record : Get Marc (ISO 2709) : E-mail record : QR code < ปิดหน้าต่าง
LEADER : 00000nam 2200000uu 4500
001    13399114070
003     ULIB
008    120214s2546||||th 000 0 tha d
020    ^a9749181034
060 04 ^aWA380^bป471ก 2546
245 00 ^aไปดูการกระจายอำนาจด้านสุขภาพที่ออสเตรเลีย (13-26 กรกฎาคม2546) /^cบรรณาธิการ, ปรีดา แต้อารักษ์, รำไพ แก้ววิเชียร ; ผู้เขียน/สนับสนุนข้อมูลในการเขียน: ลือชา วนรัตน์ ... และคนอื่นๆ]
250    ^aพิมพ์ครั้งที่ 1
260    ^a[นนทบุรี] :^bกลุ่มสนับสนุนและพัฒนาการกระจายอำนาจด้านสุขภาพสำนักนโยบายและยุทธศาสตร์ กระทรวงสาธารณสุข,^c2546
300    ^a80 หน้า :^bภาพประกอบ ;^c21 ซม.
650  7 ^aการบริการสาธารณสุข^zออสเตรเลีย
650  7 ^aการปฏิรูประบบบริการสาธารณสุข^zออสเตรเลีย
700 0  ^aลือชา วนรัตน์
700 0  ^aปรีดา แต้อารักษ์,^eบรรณาธิการ
700 0  ^aรำไพ แก้ววิเชียร,^eบรรณาธิการ
710 2  ^aกระทรวงสาธารณสุข. ^bสำนักนโยบายและยุทธศาสตร์.^bกลุ่มสนับสนุนและพัฒนาการกระจายอำนาจด้านสุขภาพ
945    ^p0^l0^i12651
945    ^p0^l0^i12652
945    ^p0^l0^i12654
995    ^aกัณชพร
999    ^aใช้งานได้ทุกระบบ
รายการนี้ยังไม่มีแท็ก
คุณยังไม่ได้ล็อกอิน คุณสามารถมีกิจกรรมร่วมกับเว็บไซต์ได้ แต่ต้องล็อกอินก่อน ::
  ล็อกอิน

รายการสื่อสารสนเทศ

ลำดับที่ ประเภท เลขเรียก/บาร์โค้ด สถานที่ สถานะ
- ไม่พบข้อมูล -

BibComment


ยังไม่เคยถูกคอมเมนท์

คอมเมนท์ทรัพยากรรายการนี้
  คอมเมนท์: ไปดูการกระจายอำน..


 Copyright 2026. Bcnsprnw @Library